000 00329 a2200145 4500
001 155110
040 _cEscola São Tomás de Aquino
100 _aSOARS, Liz
240 1 0 _aAmerican Headway starter
_lpor
245 1 0 _aAmerican Headway starter
300 _a158
362 0 _a2010
697 _aLíngua inglesa
942 _cBK
999 _c155110
_d155110